000 00686nam a2200265Ia 4500
005 20260302114450.0
008 008 260114s9999 xx 000 0 eng d
020 _a9781978736290
037 _aTextbook
040 _aCRL
040 _beng
040 _cCRL
041 _2eng
041 _aeng
084 _qCRL
100 _aKenneth LaFave
_91118852
245 4 _aThe Sound of Ontology Music as a Model for Metaphysics
260 _bBloomsbury
260 _bLexington Books
260 _c2017
650 _aPhilosophy
856 _uhttps://doi.org/10.5040/9781978736290?locatt=label:secondary_bloomsburyCollections
942 _cEBOOK
999 _c1682651
_d1682651